| 000 | 00462nam a22001577a 4500 | ||
|---|---|---|---|
| 005 | 20250620121301.0 | ||
| 008 | 250620b |||||||| |||| 00| 0 eng d | ||
| 082 |
_a005.8 _bMIK-P |
||
| 100 | _aMikkonen, Tommi | ||
| 245 |
_aProgramming Mobile Devices : _b An Introduction for Practitioners / _cTommi Mikkonen |
||
| 260 |
_aUSA: _bElsevier; _c2007. |
||
| 300 |
_axiv, 222 p. : _bill; _c24 cm. |
||
| 500 | _ainclude index. | ||
| 650 | _aProgramming | ||
| 999 |
_c36938 _d36938 |
||